| 000 | 00483nam a2200145Ia 4500 | ||
|---|---|---|---|
| 008 | 170221s9999 xx 000 0 und d | ||
| 100 | _aPeter W. Cardon | ||
| 245 | 4 | _aThe Impacts of Team Listening and Unscheduled Meetings on Team Coordination | |
| 245 | _cPeter W. Cardon, Bryan Marshall | ||
| 260 | _bStudies in Media and Communication | ||
| 260 | _c2016 | ||
| 650 | _xCommunication | ||
| 650 | _xMedia Arts | ||
| 856 | _uhttp://redfame.com/journal/index.php/smc/issue/view/21 | ||
| 999 |
_c309097 _d309097 |
||